Oil palm harvesting and palm oil processing,(ការប្រមូលផលដំណាំដូងប្រេង​និង​ខ្សែសង្វាក់ផលិតកម្មប្រេងដូង) (Record no. 568)

000 -LEADER
fixed length control field 00567nam a22001577a 4500
003 - CONTROL NUMBER IDENTIFIER
control field OSt
005 - DATE AND TIME OF LATEST TRANSACTION
control field 20150916113834.0
008 - FIXED-LENGTH DATA ELEMENTS--GENERAL INFORMATION
fixed length control field 150916b xxu||||| |||| 00| 0 eng d
040 ## - CATALOGING SOURCE
Transcribing agency RUA
082 ## - DEWEY DECIMAL CLASSIFICATION NUMBER
Classification number AGR LUN 2003 B029 Or.1
100 ## - MAIN ENTRY--PERSONAL NAME
9 (RLIN) 590
Personal name LUN NORRA
245 ## - TITLE STATEMENT
Title Oil palm harvesting and palm oil processing,(ការប្រមូលផលដំណាំដូងប្រេង​និង​ខ្សែសង្វាក់ផលិតកម្មប្រេងដូង)
260 ## - PUBLICATION, DISTRIBUTION, ETC. (IMPRINT)
Place of publication, distribution, etc. phnom penh
Name of publisher, distributor, etc. RUA
Date of publication, distribution, etc. 2003
300 ## - PHYSICAL DESCRIPTION
Extent 34p.
Dimensions ill.
Size of unit 29cm.
942 ## - ADDED ENTRY ELEMENTS (KOHA)
Source of classification or shelving scheme
Koha item type AGR
Holdings
Price effective from Date last seen Permanent Location Not for loan Date acquired Source of classification or shelving scheme Koha item type Lost status Withdrawn status Total Renewals Date last checked out Total Checkouts Damaged status Barcode Current Location Full call number
2015-09-162020-05-11Library Block B 2015-09-16 AGR  12020-05-085 RUA001188Library Block BAGR LUN 2003 B029 Or.1
មជ្ឈមណ្ឌលឯការនៃសាកលវិទ្យាល័យភូមិន្ទកសិកម្មចំការដូង

Powered by Koha